AlAfnan Taxonomy of Educational Objectives : Unifying Domains with AI, ESD Goals, Assessment Methods, and Interdisciplinary Approaches to Teaching /
Discover a groundbreaking approach to education with AlAfnan's Taxonomy of Educational Objectives . This book redefines traditional learning frameworks by integrating artificial intelligence, sustainability goals, and interdisciplinary teaching. It addresses key challenges in modern education,...
المؤلف الرئيسي:
التنسيق: كتاب الكتروني
اللغة: English
منشور في:
Leiden ; Boston :
Brill,
2025.
سلاسل:
Educational Research E-Books Online, Collection 2026.
Global Education in the 21st Century ;
15.
الموضوعات:
الوصول للمادة أونلاين: Login to view Source
الوسوم: إضافة وسم
رقم الطلب: LA227.3
| LEADER | 02835nam a22004938i 4500 | ||
|---|---|---|---|
| 001 | BRILL9789004737907 | ||
| 003 | nllekb | ||
| 005 | 20250915080724.0 | ||
| 006 | m d | ||
| 007 | cr un uuuua | ||
| 008 | 250606s2025 gw sb 001 0 eng d | ||
| 020 | |a 9789004737907 |q (electronic book) | ||
| 020 | |z 9789004737891 |q (print) | ||
| 024 | 7 | |a 10.1163/9789004737907 |2 DOI | |
| 035 | |z (OCoLC)1506166383 | ||
| 040 | |a NL-LeKB |c NL-LeKB |e rda | ||
| 041 | |a eng | ||
| 050 | 4 | |a LA227.3 | |
| 072 | 7 | |a EDU |x 000000 |2 bisacsh | |
| 072 | 7 | |a JN |2 bicssc | |
| 082 | 0 | 4 | |a 378/.012/0973 |2 23 |
| 100 | 1 | |a AlAfnan, Mohammad Awad, |e author. | |
| 245 | 1 | 0 | |a AlAfnan Taxonomy of Educational Objectives : |b Unifying Domains with AI, ESD Goals, Assessment Methods, and Interdisciplinary Approaches to Teaching / |c Mohammad Awad AlAfnan. |
| 246 | 3 | |a Unifying Domains with AI, ESD Goals, Assessment Methods, and Interdisciplinary Approaches to Teaching | |
| 264 | 1 | |a Leiden ; |a Boston : |b Brill, |c 2025. | |
| 264 | 4 | |c ©2025 | |
| 300 | |a 1 online resource (243 pages) : |b illustrations. | ||
| 336 | |a text |b txt |2 rdacontent | ||
| 337 | |a computer |b c |2 rdamedia | ||
| 338 | |a online resource |2 rdacarrier | ||
| 490 | 1 | |a Educational Research E-Books Online, Collection 2026 | |
| 490 | 1 | |a Global Education in the 21st Century ; |v 15 | |
| 504 | |a Includes bibliographical references and index. | ||
| 520 | |a Discover a groundbreaking approach to education with AlAfnan's Taxonomy of Educational Objectives . This book redefines traditional learning frameworks by integrating artificial intelligence, sustainability goals, and interdisciplinary teaching. It addresses key challenges in modern education, such as adapting assessment strategies, fostering critical thinking, and incorporating AI-driven learning. Unlike conventional taxonomies, this model unifies cognitive, affective, and psychomotor domains, ensuring holistic student development. Through case studies and practical applications, you will learn how to implement innovative teaching strategies that enhance engagement and learning outcomes. Essential for educators, researchers, and policymakers, this Taxonomy provides the tools to transform education for the 21st century. | ||
| 546 | |a English | ||
| 588 | |a Description based on print version record. | ||
| 650 | 0 | |a Education, Higher. | |
| 650 | 0 | |a Education. | |
| 776 | 0 | 8 | |i Print version: |t AlAfnan Taxonomy of Educational Objectives : Unifying Domains with AI, ESD Goals, Assessment Methods, and Interdisciplinary Approaches to Teaching. |d Leiden ; Boston : Brill, 2025. |z 9789004737891 |
| 830 | 0 | |a Educational Research E-Books Online, Collection 2026. | |
| 830 | 0 | |a Global Education in the 21st Century ; |v 15. | |
| 856 | 4 | |z DOI: |u http://dx.doi.org/10.1163/9789004737907 | |
| 942 | |2 lcc |c EBOOK | ||
| 999 | |c 61173 |d 61173 | ||
